000 01084nab a22002297a 4500
999 _c5957
_d5957
003 OSt
005 20260114133748.0
008 190605e xxu||||| |||| 00| 0 spa d
040 _cPJ
100 _96168
_aSalgado, José Manuel
245 1 0 _aVigencia y aplicación del DNU 669-2019 /
_cJosé Manuel Salgado.
260 _aCiudad Autónoma de Buenos Aires :
_bThomson Reuters La Ley,
_c2024.
300 _ap. 193-198
500 _aCita: TR LALEY AR/DOC/1440/2024.
505 _aSumario: I. El decreto. Sus antecedentes.— II. Cuestionamientos constitucionales al decreto.— III. El decreto en su coyuntura actual.— IV. Aplicación de la norma más favorable.— V. Conclusión.
505 _t¿Te interesa el texto completo? Solicitalo al correo: koha@justierradelfuego.gov.ar
650 0 _91316
_aDERECHO LABORAL
650 0 _91323
_aCONTRATO DE TRABAJO
650 0 _91534
_aINDEMNIZACION POR DESPIDO
773 0 _02711
_93168
_dCiudad Autónoma de Buenos Aires : Thomson Reuters La Ley, 1999-2002.
_tRevista de derecho del trabajo. Nº 4 - Julio 2024
942 _2udc
_cANA